00626nam a2200157 a 450000100100000000500170001000800410002704000250006808200160009310000210010924501080013026001170023830000350035550000430039070000350043300001977020200929170131.0100706s1970 ag ad r 000 0 spa d aDO-SdBNPbspacBNPHU axxxxbN972i1 aNunnally, Jum C.10aIntroducción a la medición psicológica /cJum C. Nunnally ; traducción Leticia Halperin Donghi. aBuenos Aires, Argentina :bCentro Regional de Ayuda Técnica : Agencia para el Desarrollo Internacional,c1970. a619 p. :bil., diag. ;c23 cm. aIncluye notas al pie de las páginas.1 aHalperin Donghi, Leticia,etr.